000 00359nam a22001457a 4500
005 20200604134507.0
008 200604b xxu||||| |||| 00| 0 eng d
082 _a345.4
110 _aL.I.C
_95787
245 _aL.I.C 2010 (V-4) OCTOBER TO DECEMBER
260 _aBOMBAY
_bALL INDIA REPORTER PVT.LTD
300 _a4416;p
650 _aLAW
_95701
942 _cJRL
999 _c6818
_d6816